000 00474nam a2200181Ia 4500
001 22027
003 GE_BSU
008 181216s||||||||xx |||||||||||||| ||und||
040 _cGE_BSU
245 _aParis Match, du 18 au 24 janvier. №3584. 2018
260 _aParis
260 _c2018
300 _a102p. 29cm. ill.
653 _aParis Match, du 18 au 24 janvier. №3584. 2018
653 _aПериодика
653 _aპერიოდიკა
942 _cCR
999 _c54956
_d54956